000 00605cam a22002053a 4500
001 41340
003 PGUSA
005 20140828083930.0
008 121110s2012||||xxu|||||s|||||000 | eng d
040 _aPGUSA
_beng
042 _adc
100 1 _aBraddon, M. E.
_q(Mary Elizabeth),
_d1835-1915
245 1 0 _aMount Royal, Volume 2 of 3 :
_bA Novel
_h[electronic resource] /
_cM. E. Braddon
260 _bProject Gutenberg,
_c2012
506 _aPublic domain in the USA.
516 _aElectronic text
830 0 _aProject Gutenberg
_v41340
856 4 0 _uhttp://www.gutenberg.org/ebooks/41340
942 _cEB
999 _c270592
_d270592